Color Matching - Statistics

General Stats
  • This quiz has been taken 1,668 times
  • The average score is 34 of 45
Answer Stats
Pair % Correct
A4 D2
89%
A1 F14
88%
A14 D7
86%
A10 C7
84%
E7 E13
84%
A6 C3
83%
A7 B1
82%
C14 E1
82%
B2 B7
81%
B4 D15
81%
C4 C11
81%
A12 A15
80%
A2 E8
80%
C1 D8
80%
C8 F1
80%
B10 E4
79%
E2 F3
79%
A5 D11
78%
B6 B15
78%
A3 A13
77%
B12 F4
77%
C15 F7
77%
C2 F12
77%
B14 D9
76%
D10 F6
76%
A8 C10
75%
A9 F5
75%
E11 F8
74%
D13 E9
73%
D3 F10
73%
B3 F11
72%
D4 E14
72%
B5 C9
71%
C12 E15
70%
C13 D5
69%
C5 E10
69%
B8 F9
68%
E5 F15
68%
B11 E12
67%
B9 D1
67%
A11 E6
66%
B13 C6
65%
D12 E3
64%
D6 D14
64%
F2 F13
61%
No matching quizzes found
Score Distribution
Percent of People with Each Score
Percentile by Number Answered
Your Score History
You have not taken this quiz